000 00359nam a2200157Ia 4500
999 _c2886
_d2886
003 OSt
005 20190921152821.0
008 190902s9999||||xx |||||||||||||| ||und||
020 _a978-0133131116
040 _cmaju
100 _aBovee Thill
245 0 _aBusiness Communication Today
260 _aLondon
_bPrentice Hall
300 _a692
942 _cBK
_2ddc